[Event "SRB-chT"]
[Site "Kragujevac"]
[Date "2015.08.22"]
[Round "3.4"]
[White "Dimitrijevic, Radmilo"]
[Black "Vratonjic, Slobodan"]
[Result "1/2-1/2"]
[WhiteElo "2241"]
[BlackElo "2401"]
[PlyCount "84"]
[EventDate "2015.08.20"]
[EventType "team-tourn"]
[EventRounds "11"]
[EventCountry "YUG"]
[SourceTitle "EXT 2016"]
[Source "ChessBase"]
[SourceDate "2015.10.08"]
[SourceVersion "1"]
[SourceVersionDate "2015.10.08"]
[SourceQuality "1"]
[WhiteTeam "Belgrade Delfin"]
[BlackTeam "Gornji Milanovac Metalac"]
[WhiteTeamCountry "SRB"]
[BlackTeamCountry "SRB"]

1. e4 c5 2. Nc3 e6 3. g3 d5 4. d3 Nf6 5. Bg2 d4 6. Nce2 Nc6 7. f4 b6 8. Nf3 Bb7 9. 0-0 Qc7 10. h3 h5 11. c3 dxc3 12. bxc3 c4 13. e5 cxd3 14. Qxd3 Rd8 15. Ned4 Nxd4 16. cxd4 Ne4 17. Kh2 Qc3 18. Qxc3 Nxc3 19. Bd2 Nb5 20. Be3 Ba3 21. Rab1 Nc7 22. Ng5 Bxg2 23. Kxg2 Be7 24. Ne4 Nd5 25. Bd2 Rc8 26. Rfc1 Kd7 27. Rxc8 Rxc8 28. Rc1 Rxc1 29. Bxc1 Kc6 30. Kf3 b5 31. g4 hxg4+ 32. hxg4 g6 33. Bd2 b4 34. Ke2 Kb5 35. Kd3 a5 36. Bc1 a4 37. Bd2 Nb6 38. Bc1 Nd5 39. Bd2 Kc6 40. Bc1 Nb6 41. f5 gxf5 42. gxf5 exf5 1/2-1/2

[Event "SRB-chT"]
[Site "Kragujevac"]
[Date "2015.08.21"]
[Round "2.3"]
[White "Laketic, Gojko"]
[Black "Dimitrijevic, Radmilo"]
[Result "1-0"]
[WhiteElo "2427"]
[BlackElo "2241"]
[PlyCount "69"]
[EventDate "2015.08.20"]
[EventType "team-tourn"]
[EventRounds "11"]
[EventCountry "YUG"]
[SourceTitle "EXT 2016"]
[Source "ChessBase"]
[SourceDate "2015.10.08"]
[SourceVersion "1"]
[SourceVersionDate "2015.10.08"]
[SourceQuality "1"]
[WhiteTeam "Ruma Sloven"]
[BlackTeam "Belgrade Delfin"]
[WhiteTeamCountry "SRB"]
[BlackTeamCountry "SRB"]

1. d4 d5 2. c4 dxc4 3. Nf3 Nf6 4. e3 e6 5. Bxc4 c5 6. 0-0 a6 7. a4 Nc6 8. Qe2 cxd4 9. Rd1 Be7 10. exd4 0-0 11. Nc3 Nd5 12. Bd3 Ncb4 13. Bb1 b6 14. Qe4 g6 15. Bh6 Re8 16. Ne5 Bg5 17. Qf3 f5 18. Nxd5 Nxd5 19. Bxg5 Qxg5 20. Ba2 Bb7 21. Qg3 Qxg3 22. hxg3 Kg7 23. Bxd5 Bxd5 24. Nd7 b5 25. axb5 axb5 26. Nb6 Rxa1 27. Rxa1 Re7 28. Rc1 Be4 29. f3 Bd3 30. Rc3 Rb7 31. Rc6 Bc4 32. Kf2 Kf7 33. Ke3 Bd5 34. Nxd5 exd5 35. Rd6 1-0

[Event "Belgrade-chT"]
[Site "Belgrade"]
[Date "2014.09.30"]
[Round "11.4"]
[White "Dimitrijevic, Radmilo"]
[Black "Tasev, Dejan"]
[Result "1/2-1/2"]
[WhiteElo "2268"]
[BlackElo "2210"]
[PlyCount "94"]
[EventDate "2014.09.20"]
[EventType "team-tourn"]
[EventRounds "11"]
[EventCountry "SRB"]
[SourceTitle "CBM 162 Extra"]
[Source "ChessBase"]
[SourceDate "2014.10.17"]
[SourceVersion "1"]
[SourceVersionDate "2014.10.17"]
[SourceQuality "1"]
[WhiteTeam "Delfin"]
[BlackTeam "Grocka"]
[WhiteTeamCountry "SRB"]
[BlackTeamCountry "SRB"]

1. e4 Nf6 2. Nc3 d6 3. d4 g6 4. g3 Bg7 5. Bg2 0-0 6. Nge2 c5 7. dxc5 dxc5 8. Qxd8 Rxd8 9. Be3 Na6 10. h3 e5 11. 0-0 b6 12. f4 Bb7 13. fxe5 Nd7 14. Nd5 Nxe5 15. Bg5 Re8 16. Nec3 Rf8 17. Be7 Rfe8 18. Nf6+ Bxf6 19. Bxf6 Nc4 20. Nd5 Bxd5 21. exd5 Ne3 22. d6 Nxg2 23. d7 Red8 24. Bxd8 Rxd8 25. Rad1 Nc7 26. Kxg2 Ne6 27. Rd6 Nd4 28. Rf2 Kf8 29. Rd5 Ke7 30. Re5+ Ne6 31. Rd2 h5 32. c3 Rxd7 33. Rxd7+ Kxd7 34. Re1 f5 35. g4 fxg4 36. hxg4 hxg4 37. Kg3 Kd6 38. Kxg4 c4 39. b3 cxb3 40. axb3 a5 41. Kf3 Nc5 42. b4 axb4 43. cxb4 Na6 44. Re4 Kc6 45. Rg4 Kb5 46. Rxg6 Nxb4 47. Rxb6+ Kxb6 1/2-1/2

[Event "Belgrade-chT"]
[Site "Belgrade"]
[Date "2013.10.16"]
[Round "5.1"]
[White "Djuric, Stefan"]
[Black "Dimitrijevic, Radmilo"]
[Result "1-0"]
[WhiteElo "2442"]
[BlackElo "2286"]
[PlyCount "85"]
[EventDate "2013.10.12"]
[EventType "team-tourn"]
[EventRounds "11"]
[EventCountry "SRB"]
[SourceTitle "EXT 2014"]
[Source "ChessBase"]
[SourceDate "2013.11.20"]
[SourceVersion "1"]
[SourceVersionDate "2013.11.20"]
[SourceQuality "1"]
[WhiteTeam "Crvena Zvezda"]
[BlackTeam "Grocka"]
[WhiteTeamCountry "SRB"]
[BlackTeamCountry "SRB"]

1. e4 c5 2. Nf3 e6 3. Nc3 Nc6 4. d4 cxd4 5. Nxd4 d6 6. f4 Nf6 7. Nf3 Be7 8. Bd3 e5 9. 0-0 0-0 10. Kh1 exf4 11. Bxf4 Ng4 12. Nd5 Nge5 13. Be2 Be6 14. c3 Nxf3 15. gxf3 Ne5 16. Qd4 Bxd5 17. Qxd5 Qc7 18. Rad1 Rad8 19. a4 Kh8 20. Be3 a6 21. Rg1 Qc6 22. Qxc6 Nxc6 23. Rd5 Ne5 24. Bb6 Rc8 25. f4 Ng6 26. Bd4 Rg8 27. Rg4 Nf8 28. Rf5 f6 29. Rh5 g6 30. Rh3 Kg7 31. Bd1 Rh8 32. Bb3 Nd7 33. Be6 Rcd8 34. b3 Nf8 35. Bd5 Rd7 36. c4 Bd8 37. b4 Re7 38. Be3 h5 39. Rg1 Rh6 40. f5 Rc7 41. Rd1 Be7 42. Bd4 Nd7 43. Rg3 1-0

[Event "Rilton Cup 42nd"]
[Site "Stockholm"]
[Date "2013.01.04"]
[Round "8"]
[White "Dimitrijevic, Radmilo"]
[Black "Eriksson, Jorgen"]
[Result "1/2-1/2"]
[WhiteElo "2293"]
[BlackElo "2213"]
[PlyCount "59"]
[EventDate "2012.12.27"]
[EventType "swiss"]
[EventRounds "9"]
[EventCountry "SWE"]
[SourceTitle "CBM 152 Extra"]
[Source "ChessBase"]
[SourceDate "2013.02.25"]
[SourceVersion "1"]
[SourceVersionDate "2013.02.25"]
[SourceQuality "1"]

1. e4 c5 2. Nf3 g6 3. d4 cxd4 4. Qxd4 Nf6 5. e5 Nc6 6. Qa4 Nd5 7. Qe4 Nc7 8. Nc3 Bg7 9. Bf4 Ne6 10. Bg3 b6 11. 0-0-0 Bb7 12. Bc4 Qc8 13. Qe2 Na5 14. Bd5 Bxd5 15. Rxd5 0-0 16. Rhd1 Rd8 17. Qd2 Nc4 18. Qd3 d6 19. exd6 exd6 20. b3 Ne5 21. Nxe5 dxe5 22. Rxd8+ Nxd8 23. Ne4 Qe6 24. Qd5 Qxd5 25. Rxd5 f5 26. Nd2 Nf7 27. f3 Rd8 28. Rxd8+ Nxd8 29. Nc4 Nc6 30. c3 1/2-1/2

[Event "Belgrade-chT"]
[Site "Belgrade"]
[Date "2012.10.07"]
[Round "6.5"]
[White "Dimitrijevic, Radmilo"]
[Black "Ravic, Nenad"]
[Result "1-0"]
[WhiteElo "2256"]
[BlackElo "2315"]
[PlyCount "65"]
[EventDate "2012.10.01"]
[EventType "team-tourn"]
[EventRounds "11"]
[EventCountry "SRB"]
[SourceTitle "CBM 150 Extra"]
[Source "ChessBase"]
[SourceDate "2012.10.19"]
[SourceVersion "1"]
[SourceVersionDate "2012.10.19"]
[SourceQuality "1"]
[WhiteTeam "Belgrade Delfin"]
[BlackTeam "Belgrade Sigurnost"]
[WhiteTeamCountry "SRB"]
[BlackTeamCountry "SRB"]

1. e4 c6 2. c4 d6 3. d4 Nf6 4. Nc3 g6 5. h3 Nbd7 6. Nf3 Qc7 7. Be2 Bg7 8. 0-0 0-0 9. Be3 e5 10. dxe5 dxe5 11. Qd2 a5 12. b3 Re8 13. a3 Bf8 14. Qc2 Bc5 15. Na4 Bxe3 16. fxe3 Re7 17. c5 Kg7 18. Rac1 Nf8 19. Nb6 Rb8 20. Nc4 N6d7 21. b4 axb4 22. axb4 Ne6 23. Qc3 f6 24. Rfd1 b6 25. cxb6 Nxb6 26. Ncxe5 fxe5 27. Nxe5 Kg8 28. Nxc6 Rf7 29. Nxb8 Qxb8 30. Bg4 Qg3 31. Rc2 Rf8 32. Qb3 Qe5 33. Rc6 1-0

[Event "Belgrade-chT"]
[Site "Belgrade"]
[Date "2012.10.05"]
[Round "5.1"]
[White "Jovanovic, Sasa M"]
[Black "Dimitrijevic, Radmilo"]
[Result "0-1"]
[WhiteElo "2285"]
[BlackElo "2256"]
[PlyCount "80"]
[EventDate "2012.10.01"]
[EventType "team-tourn"]
[EventRounds "11"]
[EventCountry "SRB"]
[SourceTitle "CBM 150 Extra"]
[Source "ChessBase"]
[SourceDate "2012.10.19"]
[SourceVersion "1"]
[SourceVersionDate "2012.10.19"]
[SourceQuality "1"]
[WhiteTeam "Mladenovac"]
[BlackTeam "Belgrade Delfin"]
[WhiteTeamCountry "SRB"]
[BlackTeamCountry "SRB"]

1. e4 c5 2. Nc3 Nc6 3. g3 g6 4. Bg2 Bg7 5. d3 d6 6. f4 e6 7. Be3 Nge7 8. Nf3 0-0 9. 0-0 Rb8 10. Qd2 b5 11. d4 d5 12. exd5 exd5 13. Ne5 cxd4 14. Bxd4 Nxd4 15. Qxd4 Nc6 16. Qxd5 Nxe5 17. fxe5 Qb6+ 18. Kh1 Bb7 19. Qd6 Bxg2+ 20. Kxg2 Qb7+ 21. Qd5 Bxe5 22. Rf3 Qxd5 23. Nxd5 Bxb2 24. Rb1 Bg7 25. Rfb3 a6 26. c4 Rbd8 27. Ne7+ Kh8 28. c5 Bf6 29. Re1 Rd2+ 30. Kf3 Rc2 31. Ra3 Rxc5 32. Rxa6 Kg7 33. h4 Rd8 34. Re3 Rc2 35. h5 Bg5 36. Re5 Rd3+ 37. Kg4 Rc4+ 38. Kh3 Bf4 39. h6+ Kxh6 40. Nf5+ Kg5 0-1

[Event "Belgrade-chT"]
[Site "Belgrade"]
[Date "2012.10.03"]
[Round "3.2"]
[White "Dinic, Goran"]
[Black "Dimitrijevic, Radmilo"]
[Result "1/2-1/2"]
[WhiteElo "2250"]
[BlackElo "2256"]
[PlyCount "79"]
[EventDate "2012.10.01"]
[EventType "team-tourn"]
[EventRounds "11"]
[EventCountry "SRB"]
[SourceTitle "CBM 150 Extra"]
[Source "ChessBase"]
[SourceDate "2012.10.19"]
[SourceVersion "1"]
[SourceVersionDate "2012.10.19"]
[SourceQuality "1"]
[WhiteTeam "Belgrade EDB"]
[BlackTeam "Belgrade Delfin"]
[WhiteTeamCountry "SRB"]
[BlackTeamCountry "SRB"]

1. Nf3 d5 2. d4 Nf6 3. c4 dxc4 4. e3 e6 5. Bxc4 c5 6. 0-0 a6 7. Bb3 b5 8. a4 b4 9. Nbd2 Bb7 10. Re1 Nbd7 11. e4 cxd4 12. e5 Nd5 13. Nc4 Nc5 14. Bg5 Qc7 15. Rc1 h6 16. Bd2 Qd7 17. Nxd4 Nxb3 18. Nxb3 Be7 19. Qg4 Kf8 20. Nba5 Kg8 21. b3 Re8 22. Nxb7 Qxb7 23. Qd4 Kh7 24. Na5 Qd7 25. Nc6 Qb7 26. Na5 Qd7 27. Nc6 Qb7 28. Qe4+ g6 29. Rc4 Rc8 30. Rec1 Rc7 31. Na5 Qb6 32. Rxc7 Nxc7 33. Nc4 Qa7 34. Be3 Qb8 35. Nb6 Kg7 36. Qc6 Rd8 37. Nd7 Qc8 38. Nb6 Qb8 39. Nd7 Qc8 40. Nb6 1/2-1/2

[Event "Belgrade-chT"]
[Site "Belgrade"]
[Date "2012.10.02"]
[Round "2.3"]
[White "Dimitrijevic, Radmilo"]
[Black "Vlatkovic, Sinisa"]
[Result "1/2-1/2"]
[WhiteElo "2256"]
[BlackElo "2330"]
[PlyCount "30"]
[EventDate "2012.10.01"]
[EventType "team-tourn"]
[EventRounds "11"]
[EventCountry "SRB"]
[SourceTitle "CBM 150 Extra"]
[Source "ChessBase"]
[SourceDate "2012.10.19"]
[SourceVersion "1"]
[SourceVersionDate "2012.10.19"]
[SourceQuality "1"]
[WhiteTeam "Belgrade Delfin"]
[BlackTeam "Obilic"]
[WhiteTeamCountry "SRB"]
[BlackTeamCountry "SRB"]

1. e4 d6 2. d4 e5 3. Nf3 Nd7 4. Nc3 c6 5. a4 Be7 6. Bc4 Ngf6 7. 0-0 0-0 8. Re1 Qc7 9. b3 Nb6 10. Bf1 Bg4 11. Be3 a5 12. h3 Bh5 13. Qd3 Rad8 14. Nh4 Nfd5 15. Nf3 Nxe3 1/2-1/2

[Event "Vienna Husek op-A"]
[Site "Vienna"]
[Date "2012.08.19"]
[Round "7"]
[White "Dimitrijevic, Radmilo"]
[Black "Jovanovic, Zoran"]
[Result "0-1"]
[WhiteElo "2262"]
[BlackElo "2521"]
[PlyCount "56"]
[EventDate "2012.08.13"]
[EventType "swiss"]
[EventRounds "7"]
[EventCountry "AUT"]
[SourceTitle "CBM 149 Extra"]
[Source "ChessBase"]
[SourceDate "2012.08.24"]
[SourceVersion "1"]
[SourceVersionDate "2012.08.24"]
[SourceQuality "1"]

1. e4 d6 2. d4 Nf6 3. Nc3 e5 4. Nf3 Nbd7 5. Bc4 Be7 6. 0-0 0-0 7. Re1 c6 8. a4 b6 9. d5 cxd5 10. Nxd5 Bb7 11. b3 Rc8 12. Re2 Nc5 13. Nxf6+ Bxf6 14. Bd5 Bxd5 15. Qxd5 Ne6 16. Be3 Nc7 17. Qb7 Qd7 18. Rd1 Rb8 19. Qxa7 Qc6 20. b4 d5 21. exd5 Nxd5 22. b5 Qc4 23. Red2 Nc3 24. Re1 Nxa4 25. Ra1 Nc3 26. Bxb6 Nxb5 27. Qa6 Qc6 28. Be3 Ra8 0-1

[Event "Vienna Husek op-A"]
[Site "Vienna"]
[Date "2012.08.17"]
[Round "5"]
[White "Schwab, Lukas"]
[Black "Dimitrijevic, Radmilo"]
[Result "0-1"]
[WhiteElo "1795"]
[BlackElo "2262"]
[PlyCount "96"]
[EventDate "2012.08.13"]
[EventType "swiss"]
[EventRounds "7"]
[EventCountry "AUT"]
[SourceTitle "CBM 149 Extra"]
[Source "ChessBase"]
[SourceDate "2012.08.24"]
[SourceVersion "1"]
[SourceVersionDate "2012.08.24"]
[SourceQuality "1"]

1. e4 c5 2. Nf3 Nc6 3. d4 cxd4 4. Nxd4 e6 5. Nc3 d6 6. Be3 Nf6 7. f3 Be7 8. Qd2 0-0 9. 0-0-0 d5 10. exd5 Nxd5 11. Nxd5 Qxd5 12. Nxc6 Qxc6 13. Qd4 b6 14. Qc4 Bb7 15. Qxc6 Bxc6 16. Bd3 Rac8 17. Rd2 Bd5 18. Kb1 Bf6 19. Re1 Rfd8 20. Bf4 Bb7 21. Be4 Bxe4 22. Rxe4 g5 23. Be3 Rxd2 24. Bxd2 Rd8 25. Re2 Kg7 26. c3 Kg6 27. Kc2 h5 28. g3 Be7 29. Re4 Rd6 30. Ra4 Rd7 31. Re4 Bd6 32. c4 e5 33. b4 f5 34. Re3 g4 35. fxg4 hxg4 36. Rd3 Rd8 37. c5 bxc5 38. bxc5 Be7 39. Rxd8 Bxd8 40. Kd3 Kf6 41. Kc4 Ke6 42. Bb4 a6 43. c6 f4 44. Kc5 Be7+ 45. Kb6 Bxb4 46. c7 Ba5+ 47. Kxa5 Kd7 48. Kb6 Kc8 0-1

[Event "Vienna Husek op-A"]
[Site "Vienna"]
[Date "2012.08.15"]
[Round "3"]
[White "Vasilescu, Victor"]
[Black "Dimitrijevic, Radmilo"]
[Result "0-1"]
[WhiteElo "2085"]
[BlackElo "2262"]
[PlyCount "88"]
[EventDate "2012.08.13"]
[EventType "swiss"]
[EventRounds "7"]
[EventCountry "AUT"]
[SourceTitle "CBM 149 Extra"]
[Source "ChessBase"]
[SourceDate "2012.08.24"]
[SourceVersion "1"]
[SourceVersionDate "2012.08.24"]
[SourceQuality "1"]

1. e4 c5 2. Nf3 Nc6 3. d4 cxd4 4. Nxd4 e6 5. Nc3 d6 6. Be3 Nf6 7. f3 Be7 8. Qd2 0-0 9. g4 d5 10. g5 Nh5 11. exd5 exd5 12. f4 Nxd4 13. Qxd4 b6 14. 0-0-0 Bb7 15. Bg2 Bc5 16. Qd2 Qc7 17. Bxc5 Qxc5 18. Qd4 Qc7 19. Nxd5 Bxd5 20. Bxd5 Nxf4 21. Qf2 Nxd5 22. Rxd5 Qc4 23. Rd3 Qxa2 24. Ra3 Qd5 25. Rg1 b5 26. Qh4 Rac8 27. Rd1 Qf5 28. c3 Rc4 29. Qg3 Rg4 30. Qd6 Rg2 31. Qd3 Qxg5+ 32. Kb1 Rxh2 33. Rxa7 Qg2 34. Ra2 h5 35. Qd5 Qxd5 36. Rxd5 Re8 37. Ra5 h4 38. Raxb5 h3 39. Rd1 Rg2 40. Rh5 h2 41. Kc1 Ra8 42. Kb1 Rg1 43. Kc2 Rxd1 44. Kxd1 h1Q+ 0-1

[Event "SRB Central-ch op-A 5th"]
[Site "Paracin"]
[Date "2012.07.13"]
[Round "9"]
[White "Ardeleanu, Alin"]
[Black "Dimitrijevic, Radmilo"]
[Result "1/2-1/2"]
[WhiteElo "2335"]
[BlackElo "2236"]
[PlyCount "40"]
[EventDate "2012.07.06"]
[EventType "swiss"]
[EventRounds "9"]
[EventCountry "SRB"]
[SourceTitle "CBM 149 Extra"]
[Source "ChessBase"]
[SourceDate "2012.08.24"]
[SourceVersion "1"]
[SourceVersionDate "2012.08.24"]
[SourceQuality "1"]

1. e4 c5 2. Nf3 e6 3. d4 cxd4 4. Nxd4 Nc6 5. Nxc6 bxc6 6. Bd3 Nf6 7. Nd2 d6 8. 0-0 Be7 9. b3 0-0 10. Bb2 e5 11. Nc4 Be6 12. Ne3 Nd7 13. a4 Nc5 14. Ba3 d5 15. exd5 cxd5 16. Nf5 Bxf5 17. Bxf5 g6 18. Bg4 f5 19. Be2 Rc8 20. Bb5 Kg7 1/2-1/2

[Event "SRB Central-ch op-A 5th"]
[Site "Paracin"]
[Date "2012.07.09"]
[Round "4"]
[White "Dimitrijevic, Radmilo"]
[Black "Zlatanovic, Boroljub"]
[Result "0-1"]
[WhiteElo "2236"]
[BlackElo "2428"]
[PlyCount "130"]
[EventDate "2012.07.06"]
[EventType "swiss"]
[EventRounds "9"]
[EventCountry "SRB"]
[SourceTitle "CBM 149 Extra"]
[Source "ChessBase"]
[SourceDate "2012.08.24"]
[SourceVersion "1"]
[SourceVersionDate "2012.08.24"]
[SourceQuality "1"]

1. e4 e6 2. d4 d5 3. exd5 exd5 4. Nf3 Nc6 5. Bb5 Bd6 6. c4 dxc4 7. d5 a6 8. Ba4 b5 9. dxc6 bxa4 10. Qxa4 Ne7 11. Nbd2 Rb8 12. a3 Rb5 13. Nxc4 Nxc6 14. 0-0 0-0 15. Rd1 Bg4 16. Bg5 Qc8 17. Nxd6 cxd6 18. Bf4 Bxf3 19. gxf3 Ne5 20. Bxe5 Rxe5 21. Qf4 Rf5 22. Qe4 Rg5+ 23. Kh1 Qh3 24. Rg1 d5 25. Qe3 Rh5 26. Rg2 g6 27. f4 Qd7 28. Rd1 Re8 29. Qd3 Qa4 30. b3 Qxf4 31. b4 Re6 32. Qg3 Qc4 33. Qg4 Qe2 34. Qd4 Re4 35. Qa1 Qf3 36. Rc1 d4 37. Kg1 Rg4 38. Rg3 Rxg3+ 39. fxg3 Qe3+ 40. Kh1 Qf3+ 41. Kg1 Qe3+ 42. Kh1 Qf2 43. h4 Re5 44. Rf1 Qxg3 45. Qxd4 Qh3+ 46. Kg1 Qg3+ 47. Kh1 Qh3+ 48. Kg1 Qe3+ 49. Qxe3 Rxe3 50. a4 Rb3 51. Rf4 f5 52. Kf2 Kf7 53. Rc4 Ke6 54. h5 Kf6 55. hxg6 hxg6 56. Rc6+ Kg5 57. Rxa6 Rxb4 58. a5 Ra4 59. Ra8 Kf4 60. a6 g5 61. Kg2 Ra2+ 62. Kf1 g4 63. a7 Kf3 64. Ke1 f4 65. Kd1 g3 0-1

[Event "Vojvodina-ch 3rd"]
[Site "Novi Sad"]
[Date "2012.07.02"]
[Round "6"]
[White "Dimitrijevic, Radmilo"]
[Black "Radlovacki, Jovan"]
[Result "1/2-1/2"]
[WhiteElo "2236"]
[BlackElo "2412"]
[PlyCount "28"]
[EventDate "2012.06.29"]
[EventType "swiss"]
[EventRounds "9"]
[EventCountry "SRB"]
[SourceTitle "CBM 149 Extra"]
[Source "ChessBase"]
[SourceDate "2012.08.24"]
[SourceVersion "1"]
[SourceVersionDate "2012.08.24"]
[SourceQuality "1"]

1. e4 Nc6 2. Nf3 d6 3. d4 Bg4 4. Bb5 a6 5. Bxc6+ bxc6 6. h3 Bh5 7. Nc3 e6 8. Qe2 Nf6 9. g4 Bg6 10. Bg5 Be7 11. 0-0-0 Nxe4 12. Nxe4 Bxe4 13. Bxe7 Bxf3 14. Qxf3 Kxe7 1/2-1/2

[Event "Belgrade-ch"]
[Site "Belgrade"]
[Date "2012.01.25"]
[Round "4"]
[White "Govedarica, Radovan"]
[Black "Dimitrijevic, Radmilo"]
[Result "1-0"]
[WhiteElo "2394"]
[BlackElo "2259"]
[PlyCount "63"]
[EventDate "2012.01.22"]
[EventType "swiss"]
[EventRounds "9"]
[EventCountry "SRB"]
[SourceTitle "CBM 146 Extra"]
[Source "ChessBase"]
[SourceDate "2012.02.29"]
[SourceVersion "1"]
[SourceVersionDate "2012.02.29"]
[SourceQuality "1"]

1. e4 c5 2. Nf3 Nc6 3. Bb5 Na5 4. c3 a6 5. Ba4 e6 6. d4 cxd4 7. cxd4 Nf6 8. e5 Nd5 9. 0-0 Be7 10. Nc3 Nxc3 11. bxc3 b5 12. Bc2 Bb7 13. a4 Nc4 14. Nd2 Nxd2 15. Bxd2 Bc6 16. Qg4 g6 17. Bh6 Bf8 18. Qf4 g5 19. Qxg5 Qxg5 20. Bxg5 Rg8 21. axb5 axb5 22. Rxa8+ Bxa8 23. Ra1 Bd5 24. Bf4 Rxg2+ 25. Kf1 Rg4 26. Bg3 b4 27. h3 Rg8 28. cxb4 Bxb4 29. Rb1 Bc4+ 30. Kg2 Be7 31. Rb8+ Bd8 32. Be4 1-0

[Event "Belgrade-chT"]
[Site "Belgrade"]
[Date "2011.10.09"]
[Round "8.6"]
[White "Dimitrijevic, Radmilo"]
[Black "Dobrijevic, Milan"]
[Result "1/2-1/2"]
[WhiteElo "2230"]
[BlackElo "2197"]
[PlyCount "20"]
[EventDate "2011.10.01"]
[EventType "team-tourn"]
[EventRounds "11"]
[EventCountry "SRB"]
[SourceTitle "CBM 144 Extra"]
[Source "ChessBase"]
[SourceDate "2011.10.28"]
[SourceVersion "1"]
[SourceVersionDate "2011.10.28"]
[SourceQuality "1"]
[WhiteTeam "Delfin"]
[BlackTeam "Belgrade PTT"]
[WhiteTeamCountry "YUG"]
[BlackTeamCountry "YUG"]

1. e4 d5 2. exd5 Qxd5 3. Nf3 Nf6 4. Nc3 Qd8 5. Be2 Nc6 6. d3 e5 7. Bg5 Be7 8. 0-0 0-0 9. Re1 h6 10. Bh4 a6 1/2-1/2